[Event "Zanic Memorial"]
[Site "Stara Pazova"]
[Date "2001.03.14"]
[Round "6"]
[White "Ostojic, Nikola"]
[Black "Jeremic, Veljko"]
[Result "0-1"]
[WhiteElo "2451"]
[BlackElo "2334"]
[Annotator "Krasenkow,M"]
[PlyCount "120"]
[EventDate "2001.03.09"]
[EventType "tourn"]
[EventRounds "11"]
[EventCountry "YUG"]
[EventCategory "8"]
[SourceTitle "CBM 082"]
[Source "ChessBase"]
[SourceDate "2001.05.17"]
[SourceVersion "1"]
[SourceVersionDate "2001.05.17"]
[SourceQuality "1"]

1. c4 Nf6 2. Nc3 d5 3. cxd5 Nxd5 4. d4 g6 5. e4 Nxc3 6. bxc3 Bg7 7. Nf3 O-O 8.
Be3 c5 9. Qd2 Qa5 10. Rc1 cxd4 11. cxd4 Qxd2+ 12. Kxd2 Nc6 13. d5 Rd8 14. Ke1
Na5 15. Bg5 Kf8 16. Bd3 f5 {About this line - see CBM73.} 17. Rc7 $146 (17. Ke2
fxe4 (17... b5 $6 18. Rc7 Rd7 19. Rxd7 Bxd7 20. exf5 gxf5 21. Nh4 e6 22. dxe6
Bxe6 23. Nxf5 $16 {1-0 Petran,P-Suranyi,P/Budapest HUN 2001/The Week in Chess
327 (58)}) 18. Bxe4 Bd7 {[%csl Re2]} 19. Rhd1 Ba4 $1 20. Rd2 Bb5+ 21. Ke1 Nc4
22. Rdd1 Nd6 23. Bd3 Rac8 $15 {1/2-1/2 Yermolinsky,A-Kudrin,S/Salt Lake City
1999/CBM 73}) 17... Rd7 18. Rxd7 $6 {This is completely harmless and only
creates problems for White.} (18. Rc2 $5 {deserves serious attention,
improving the position of the rook, e.g.} h6 $1 (18... e6 $6 19. Bb5 Rd6 (19...
Rf7 20. dxe6 Bxe6 21. Bd2 {[%csl Ra5][%cal Rf3g5]}) 20. Be3 (20. Bd2 Rb6) 20...
fxe4 21. Bc5 Ke7 22. Ng5 exd5 23. Rd2 $1 $16) (18... Nc6 19. Bb5 fxe4 20. dxc6
Rd5 21. Bc4 Rf5 22. Rd2 $14 {Yermolinsky,A-Casella,M/Los Angeles 2000}) (18...
Rd8 19. Ke2 fxe4 20. Bxe4 Bd7 (20... Bf5 21. Bxf5 gxf5 22. Rc7 Rxd5 23. Bxe7+
Kg8 24. Rd1 Rxd1 25. Kxd1 $14) 21. Rhc1 $14) 19. Be3 b6 20. exf5 Bb7 21. Nh4 g5
22. Ng6+ Kf7 $11 {A.Yermolinsky}) 18... Bxd7 19. exf5 gxf5 (19... Bxf5 $5 {
was good for equalizing:} 20. Bxf5 gxf5 21. Nh4 Rd8 22. Nxf5 Bc3+ 23. Ke2 Rxd5
$11 {However, Black wants more!}) 20. Nh4 (20. Ke2 e5 $5 $36) 20... e6 21. Bd2
b6 (21... Rc8 $5) 22. dxe6 Bxe6 23. Nxf5 Bf6 {White is a pawn up but the
position of his king in the centre (which can't castle!) is not safe.} 24. Bb4+
$2 {Here White had the last chance to play} (24. Ke2 {entering the rook into
the game.}) 24... Kg8 25. Ke2 $4 {Now this loses a piece but after} (25. Bxa5
bxa5 {,then capturing the a-pawn, Black is clearly better, thanks to his
bishop pair and the strong a5 pawn.}) 25... Nc6 $2 ({Of course,} 25... Bxf5 26.
Bxf5 Nc6 {was correct. After the text move White can still fight.}) 26. Be4 $2
{But not this way! With a rook against two pieces (bishops!) he is helpless.
Meanwhile, after} (26. Nh6+ Kg7 27. Bd2 Nd4+ (27... Re8 28. Kd1 Rd8 29. Kc2)
28. Kd1 Bxa2 (28... Rc8 29. Re1) 29. Be3 {there is no direct win for Black.})
26... Nxb4 27. Nh6+ Kg7 28. Bxa8 Kxh6 29. a3 Nc2 30. Rc1 Bf5 $6 (30... Bc4+ 31.
Kd2 Nxa3) 31. f3 Bb2 $6 {This unexpectedly gives White strong counterplay.} (
31... Bg5 {was better, preventing (at least, temporarily) the advance of
White's pawns:} 32. Rd1 Nxa3 33. g3 Nb5 34. f4 Bf6 {etc.}) 32. Rd1 Bxa3 33. g4
Bg6 34. f4 Bc5 35. Rd7 Nd4+ 36. Kd1 (36. Kd2 $5 a5 37. h4) 36... a5 37. Bd5 $1
{[%cal Yd5g8,Yh2h4,Yf4f5]} ({After} 37. h4 Be8 38. g5+ Kh5 39. Rxh7+ Kg4 {
the white pawns can't move further.}) 37... a4 38. Bg8 a3 (38... Be4 39. g5+
Kh5 40. Bxh7 $132) 39. h4 Nf5 (39... b5 40. f5 Nxf5 41. gxf5 Bxf5 42. Rb7 {
and Black can hardly win.}) 40. gxf5 Bxf5 {[%mdl 4096]} 41. Rc7 $6 {Now White
loses the h4 pawn. Meanwhile, after} (41. Rf7 $1 Bg6 (41... a2 42. Ra7) 42. Rc7
Kh5 $140 43. Bxh7 {Black has no way to improve his position.}) 41... Kh5 $1 42.
Kd2 (42. Bxh7 a2 $19) 42... Kxh4 {Now the passed pawns on different sides,
supported by the bishops, are very strong.} 43. Kc3 h5 44. Bb3 Bb1 45. Be6 Bd6
46. Ra7 b5 47. Kb3 b4 48. Rd7 Bf8 49. Rf7 Bc5 50. Rd7 Kg3 51. Rd1 (51. f5 $5 h4
(51... Kf4 $5 52. Rd1 a2 53. Kb2 h4) 52. f6 h3 53. Rg7+ Kh4 54. Rg8 (54. Rg4+
Kh5 55. Rc4 Bd6) 54... a2 55. Ra8 h2 56. Bd5 Kg5 57. f7 Bg6 58. f8=Q Bxf8 59.
Rxa2 Bd6 {and it is unclear whether Black can win. But the text move is also
good.}) 51... a2 {This doesn't win but after.} (51... Be4 52. Rc1 {White
successfully defends, too.}) 52. Kb2 h4 ({or} 52... Kxf4 53. Bxa2 (53. Rxb1 $2
axb1=Q+ 54. Kxb1 h4 55. Kc2 Kg3 56. Kd2 h3 57. Bd5 Kf2 $19) 53... Bxa2 54. Kxa2
{with a probable draw.}) 53. Bxa2 Bxa2 54. Kxa2 h3 55. Rd3+ $2 {This mistake
complicates White's way to the draw, which was quite easy after} (55. f5 $1 {
e.g.} h2 (55... Be7 56. Kb3 h2 57. f6) 56. f6 Kg2 (56... Bg1 57. f7) 57. Rd2+
$1 Kh3 58. Rd1 $11) 55... Kg4 (55... Kg2 {is insufficient because of} 56. Rd7
$1 (56. Rd2+ $2 Bf2 57. Kb3 h2 58. Rd1 Bc5 59. Rd2+ Kg3 60. Rd3+ Kg4 61. Rd1
Bg1 $19) 56... Bf2 (56... h2 57. Rg7+) 57. Kb3 h2 58. Rh7 $11) 56. Rd8 (56. Rd2
{was also possible although Black had an additional possibility} Be3 $1 (56...
Kxf4 57. Kb3 Kg3 58. Rd3+ Kg2 59. Rd2+ Kf3 (59... Bf2 60. Kxb4 h2 61. Rd1 $11)
60. Kc4 $11) 57. Rc2 $1 (57. Rb2 Kg3 (57... Bc1 $6 58. Rb1 Bd2) 58. Rb3 (58.
Kb3 Bc5 $19 {[%cal Rh3h2]}) 58... Kf3 59. Rb2 Bd4 $1 60. Rd2 (60. Rh2 Kg3 61.
Rh1 h2 $19) 60... Bf2 61. Rd3+ Kg4 $1 62. Rd1 h2 63. Rh1 Kg3 $19) 57... Bxf4 (
57... Kg3 58. Kb3 Bf2 59. Rc7 $1 h2 60. Rh7 Bc5 61. f5 $11) 58. Kb3 Bd6 59. Rd2
Bc5 60. Rc2 Bf8 61. Rf2 $11) 56... Be7 (56... Kxf4 57. Rh8 Kg3 58. Rg8+ Kf3 59.
Rh8 $11) 57. Rg8+ (57. Rd2 $5) 57... Kxf4 58. Kb3 $4 {A terrible blunder after
long defense. The h-pawn now queens.} ({After} 58. Rh8 {it was still a draw:}
Kg4 (58... Kg3 59. Rg8+) 59. Kb3 Bh4 60. Rg8+ Bg5 (60... Kf3 61. Rh8) 61. Rh8
Bd2 62. Rg8+ $11) 58... h2 59. Rh8 Kg3 60. Rg8+ Kh3 0-1

[Event "United Insurance 5th"]
[Site "Dhaka"]
[Date "2001.03.01"]
[Round "10"]
[White "Prakash, GB."]
[Black "Vakhidov, Tahir"]
[Result "0-1"]
[WhiteElo "2453"]
[BlackElo "2482"]
[Annotator "Krasenkow,M"]
[PlyCount "94"]
[EventDate "2001.02.19"]
[EventType "tourn"]
[EventRounds "13"]
[EventCountry "BAN"]
[EventCategory "8"]
[SourceTitle "CBM 082"]
[Source "ChessBase"]
[SourceDate "2001.05.17"]
[SourceVersion "1"]
[SourceVersionDate "2001.05.17"]
[SourceQuality "1"]

1. d4 Nf6 2. c4 g6 3. Nc3 d5 4. Nf3 Bg7 5. cxd5 Nxd5 6. e4 Nxc3 7. bxc3 O-O 8.
Be2 c5 9. h3 b6 10. Be3 Bb7 11. Qd3 cxd4 12. cxd4 Nc6 {About this line - see
Kruppa-Shishkin in this issue.} 13. Rd1 $6 {0-0, Rfd1, Rab1 (or c1) is a
better arrangement for White.} Rc8 14. Qb1 e6 15. O-O Qd6 16. d5 $2 {This
"break" really breaks down... White's position.} (16. Rfe1 $142) 16... exd5 17.
exd5 ({After} 17. Rxd5 Qe7 {, with his centralized rook, White must work hard
to avoid material losses. But now everything is even simpler.}) 17... Ne7 18.
Ng5 Nxd5 {The central pawn is lost; the game is practically over.} 19. Bf3 Qe5
20. Bd2 Nc3 $6 {Was it necessary to go for a position with opposite-coloured
bishops, which always create serious technical difficulties?} (20... Rfd8 21.
Rfe1 Qb2 {looked more precise.}) 21. Bxc3 Rxc3 22. Bxb7 Qxg5 {Black is still
winning but he has a lot of work to do.} 23. Qe4 Rc7 24. Rd5 Qf6 25. Ba6 Rd8
26. Re1 Rxd5 27. Qxd5 Bf8 {Black's plan is to transpose his rook to f5 and his
bishop to c5, tying the white pieces to the f2 pawn.} 28. Qe5 Qd8 29. g3 Rc5
30. Qe4 Qf6 31. a4 Rf5 32. f4 {This seriously weakens White's king but passive
defense like} (32. Re2 Bc5 33. Qc2 {was hardly satisfactory. Black can
continue e.g.} h5) 32... Ra5 33. Bc4 a6 34. Kg2 b5 {At last creating a passed
pawn, which will be White's "second weakness" (the first one is the weak
position of his king).} 35. axb5 axb5 36. Qd5 (36. Qe5 $142 Qc6+ 37. Bd5 Qd7
38. Re2) 36... Ra3 $1 {[%cal Rf6c3]} 37. Bd3 (37. Bxb5 Qc3) (37. Qxb5 Qc3)
37... Qb2+ 38. Kf3 Qd2 39. Re3 Qd1+ 40. Kf2 Rb3 (40... Rc3 $5 {[%cal Rc3c1]})
41. Qe4 {Losing at once but after} (41. Qd4 Qd2+ 42. Kf3 Rc3 {White is
helpless, too.}) 41... Rb2+ 42. Be2 Rxe2+ $1 43. Rxe2 Bc5+ 44. Re3 (44. Kg2
Qg1+ 45. Kf3 Qf1+ 46. Kg4 f5+) 44... Qd2+ 45. Kf3 Qxe3+ 46. Qxe3 Bxe3 47. Kxe3
Kg7 0-1

[Event "Lasker Memorial op"]
[Site "Barlinek"]
[Date "2001.07.20"]
[Round "5"]
[White "Ulybin, Mikhail"]
[Black "Schmidt, Wlodzimierz"]
[Result "1/2-1/2"]
[WhiteElo "2583"]
[BlackElo "2438"]
[Annotator "Krasenkow,M"]
[PlyCount "104"]
[EventDate "2001.07.19"]
[EventType "swiss"]
[EventRounds "10"]
[EventCountry "POL"]
[SourceTitle "CBM 085"]
[Source "ChessBase"]
[SourceDate "2001.11.13"]
[SourceVersion "1"]
[SourceVersionDate "2001.11.13"]
[SourceQuality "1"]

1. d4 Nf6 2. c4 g6 3. Nc3 d5 4. cxd5 Nxd5 5. e4 Nxc3 6. bxc3 Bg7 7. Bb5+ c6 8.
Ba4 b5 9. Bb3 b4 {This reply to the bishop check was very popular back at the
beginning of the 90s.} 10. Nf3 {But this is quite a fresh approach. Old lines
like} (10. Ne2) (10. Qf3) (10. cxb4 {and}) (10. Bb2 {are insufficient for any
real advantage although the latter one poses some problems to Black.}) 10...
bxc3 11. O-O O-O (11... Bg4 $2 {didn't work yet because of} 12. Bxf7+ {but
after the game move it becomes a real threat.}) 12. Be3 $146 (12. Bg5 {had
been played before this game, e.g.:} h6 (12... a5 $5 13. Rc1 Nd7 14. Rxc3 c5
15. Rc1 cxd4 16. Bd5 (16. Nxd4 $5 Ne5 17. Qd2) 16... Ba6 17. Re1 (17. Bxa8 $5
Bxf1 18. Bd5 Ba6 19. Nxd4 Ne5 20. Nc6 Nxc6 21. Rxc6 Bb7 22. Rc5 $14) 17... Rb8
18. Nxd4 Ne5 19. Bf4 Rb2 $132 {0-1 Kruppa,Y-Cyborowski,L/Ohrid 2001/CBM 84_01 
(40)}) (12... Bg4 13. h3 Bxf3 14. Qxf3 h6 (14... Bxd4 $6 15. Rad1) 15. Be3 Na6
16. e5 Nb4 17. Rfc1 Nd5 18. Bxd5 cxd5 19. Rxc3 Qa5 20. Rc2 Rfc8 21. Rac1 Rxc2
22. Rxc2 e6 23. h4 Qb6 (23... h5 $5) 24. h5 g5 25. Kh2 $14 {1-0 Kruppa,
Y-Khachian,M/Cappelle la Grande 1999/EXT 2000 (44). (43)}) 13. Be3 {[%csl Rh6]
[%cal Yd1c1]} Ba6 14. Re1 Nd7 15. Qc1 Kh7 $6 (15... c5 $5) 16. Qxc3 c5 17. Bd5
Rb8 18. Qa3 Qc8 19. Bf4 Rb6 20. Rac1 $16 {1-0 Komarov,D-Sarno,S/Montecatini
Terme 1999/EXT 2000 (27)}) 12... Na6 (12... Ba6 13. Re1 Nd7 {was possible here,
too.}) 13. Rc1 Qa5 14. Qd3 c5 {Black has no problems.} 15. Qxc3 Qxc3 16. Rxc3
Bb7 17. e5 Bxf3 $6 {An oversight.} (17... cxd4 18. Bxd4 Rfd8 {gives Black an
excellent position.}) 18. gxf3 cxd4 19. Bxd4 Rfd8 20. Rc4 $14 {[%csl Ra6] This
is the move Black overlooked. With a pair of bishops and the opponent's knight
off side, White maintains the better prospects in the endgame. However, his
double f-pawns diminish his winning chances.} e6 21. Rfc1 Nc7 {If Black
managed to centralize his knight, he would be OK but...} 22. Ba4 $5 Bh6 ({
The immediate} 22... Nd5 {was possible, too:} 23. Bc6 Rab8 24. Bxa7 Rb2 25. a4
({trying to push the pawn maintaining the pair of bishops; after} 25. Bxd5 exd5
26. Rc8 Rf8 27. Rxf8+ Kxf8 28. Bc5+ Ke8 29. Bd6 d4 {Black shouldn't lose})
25... Bxe5 26. a5 Nf4 27. Rf1 Ra2 (27... Rdd2 $143 28. a6) 28. Bb6 Rdd2 29. Be3
Rd6 {with sufficient counterplay.}) 23. Rb1 Nd5 24. Bc6 Rab8 25. Rxb8 Rxb8 26.
Bxd5 ({Of course,} 26. Bxa7 {is now impossible due to} Rb1+ 27. Kg2 Nf4+) 26...
exd5 27. Ra4 Bf4 28. Ra5 (28. Rxa7 Re8 29. Ra3 Kf8 {and Black recaptures the
e5 pawn}) 28... Rd8 29. a4 a6 30. Kg2 h5 31. h3 Re8 {Black loses patience but
he could simply wait:} (31... Kf8 {Of course, the endgame after} 32. Rxa6 (32.
Bc5+ $6 Ke8 33. Bd6 d4) 32... Re8 33. Rd6 Bxe5 34. Rxd5 Bxd4 35. Rxd4 Re2 (
35... Re1 {should be drawn.})) 32. Rxd5 Re6 {Of course, in this position White
has no real chances to win either.} 33. Kf1 Kh7 34. Ke2 f6 35. Rd6 Rxd6 36.
exd6 Bxd6 37. Bxf6 (37. Kd3 $6 f5 {,followed by ...g6-g5, h5-h4, g5-g4, can be
risky for White.}) 37... Kg8 38. Kd3 Kf7 39. Bc3 Ke6 40. Kc4 Be7 41. Bb4 Bd8
42. Bd2 Be7 43. Bf4 Bf8 44. Bb8 Be7 45. Kd4 Bf8 46. Ba7 Bd6 47. Bc5 Bc7 48. Ke4
Bd8 49. Bd4 Bc7 50. Ba7 Be5 51. Be3 Bf6 52. Bc5 Be5 1/2-1/2

[Event "Montreal 2nd"]
[Site "Montreal"]
[Date "2001.08.03"]
[Round "2"]
[White "Kosyrev, Vladimir"]
[Black "Barbeau, Sylvain"]
[Result "1/2-1/2"]
[WhiteElo "2554"]
[BlackElo "2365"]
[Annotator "Krasenkow,M"]
[PlyCount "241"]
[EventDate "2001.08.02"]
[EventType "tourn"]
[EventRounds "11"]
[EventCountry "CAN"]
[EventCategory "9"]
[SourceTitle "CBM 085"]
[Source "ChessBase"]
[SourceDate "2001.11.13"]
[SourceVersion "1"]
[SourceVersionDate "2001.11.13"]
[SourceQuality "1"]

1. d4 Nf6 2. c4 g6 3. Nc3 d5 4. cxd5 Nxd5 5. e4 Nxc3 6. bxc3 Bg7 7. Bb5+ c6 8.
Ba4 O-O 9. Ne2 c5 10. O-O Nc6 11. Be3 Na5 {We examined this line many times in
previous issues: CBM70, 71, 73, 76.} 12. Rb1 b6 13. Qd3 {This new attempt to
prevent 13...Ba6 is quite harmless.} e6 {Other possibilities seen in practice:}
(13... Be6 14. d5 Bd7 15. Bc2 e5 16. f4 f5 17. Ng3 fxe4 18. Nxe4 Bf5 19. d6 Qd7
20. fxe5 Bxe5 21. Rxf5 $5 Qxf5 22. Qd5+ Kh8 23. Ng3 Qf6 $13 {0-1 Krush,
I-Atakisi,U/Oropesa del Mar 1999/CBM 72 ext (56)}) (13... e5 14. d5 c4 15. Qd2
Qd6 16. f4 f5 17. Bc2 fxe4 18. Bxe4 Nb7 19. Ng3 Bd7 20. f5 $36 {1/2-1/2
Grabliauskas,V-Marcinkiewicz,J/ICCF Email 2000/ICCF tele 5/2001 (41)}) 14. Rfd1
Bb7 15. f3 {A solid prophylactical move.} cxd4 16. cxd4 Rc8 17. Bb5 f5 $5 18.
exf5 (18. Rbc1 Rxc1 19. Rxc1 fxe4 20. fxe4 Qh4 21. Ng3 (21. d5 $6 exd5 22. exd5
Rd8 23. d6 Be5 24. g3 Qg4) 21... Qe7 $11) 18... Rxf5 19. Rbc1 Rxc1 20. Rxc1 e5
{The simplest way to equality.} 21. Ba6 exd4 22. Bxb7 Nxb7 23. Qc4+ Kh8 (23...
Qd5 {is simpler.}) 24. Bxd4 Bxd4+ (24... Nc5 $11) 25. Qxd4+ Qxd4+ 26. Nxd4 {
[%mdl 4096]} Rf7 27. Ne6 h6 28. Kf2 Kh7 (28... Re7 $11) 29. Ke3 $14 {White's
king is now better placed, which gives him a certian advantage.} Nd6 (29... Re7
30. Rc7 {gaining a tempo, with a favourable knight ending.}) 30. Kd4 Nf5+ 31.
Ke4 (31. Ke5 $5 Ne3 32. g3 b5 33. Rc7) 31... Nh4 32. Rc2 g5 33. f4 gxf4 34.
Nxf4 Re7+ 35. Kd5 Nf5 36. Rc3 Ne3+ 37. Kc6 Re4 38. g3 Nf1 39. Rc2 Ra4 $6 {
An innacurate move, after which the black knight gets into trouble.} (39... Kg7
$5) 40. Kd6 (40. Nd5 $5 Rd4 (40... Ra3 $2 41. Rf2 Ne3 42. Rf3 Nc4 43. Rxa3 Nxa3
44. Kb7 $18) (40... Ra5 41. Rf2 Rc5+ 42. Kd6 Rc1 43. Ke7 $1 {and Black is in
trouble due to his ill-fated knight.}) 41. Rf2 Rd1 42. Rf7+ Kg6 43. Rxa7 Nxh2
44. Nf4+ Kg5 45. Kxb6 {although Black should not lose this endgame anyway.})
40... Kg7 $6 {Black underestimates the danger.} (40... Ne3 $142) 41. Nd5 Ra3 $6
(41... Re4 $142 $1) 42. Ke6 $1 {An unexpected attack of the black king.} (42.
Rf2 {was not good as after} Ne3 {White couldn't play} 43. Rf3) 42... h5 (42...
Ne3 $4 {leads to a nice mate:} 43. Rc7+ Kg6 44. Nf4+ Kg5 45. Rg7#) 43. Nf4 $2 (
43. Rf2 $1 {was now correct:} Ne3 44. Rf3 Nc4 45. Rxa3 Nxa3 {and now the white
king must go back to the queenside:} 46. Kd7 Kg6 47. Kc6 Kf5 48. Kb7 {with
good winning chances.}) 43... Kh6 44. Kf6 Ne3 {Uff! The knight is now out of
danger! The rest is clear.} 45. Rd2 Ra5 46. h3 Rf5+ 47. Ke7 Rg5 48. Rd6+ Kh7
49. Kf6 Rxg3 50. Rd7+ Kh6 51. Rd8 Kh7 52. Rd7+ Kh6 53. Rxa7 Ng2 54. Ra8 Kh7 55.
Nxh5 Rxh3 56. Kg5 Rc3 57. Ra7+ Kg8 58. Nf6+ Kf8 59. Nd7+ Ke7 60. Nxb6+ Kd6 61.
a4 Kc6 62. a5 Ne3 63. Nc8 Nd5 64. Kf5 Ra3 65. Ke5 Nb4 66. Kd4 Nc2+ 67. Ke5 Ne3
68. a6 Nd5 69. Rh7 Rxa6 70. Rh6+ Kb5 71. Nd6+ Kb4 {This was by no means
necessary as after} (71... Kc5 72. Ne4+ Kb5 {White couldn't win the knight.
Still, defense with R vs R+N is not very difficult.}) 72. Kxd5 Ra5+ 73. Kd4 Rg5
74. Rh8 Rg4+ 75. Ne4 Rg7 76. Kd5 Rg4 77. Rb8+ Ka3 78. Kd4 Rh4 79. Kd3 Rh3+ 80.
Kc4 Rh4 81. Ra8+ Kb2 82. Kd3 Rh7 83. Kc4 Rh4 84. Rb8+ Kc2 85. Kd4 Rg4 86. Rc8+
Kb3 87. Kd3 Rh4 88. Rb8+ Ka4 89. Kd4 Ka5 90. Kd5 Rh5+ 91. Kc6 Rh6+ 92. Nd6 Ka4
93. Rb1 Ka3 94. Kd5 Rh5+ 95. Ke6 Rh6+ 96. Ke5 Rh5+ 97. Nf5 Ka4 98. Ke4 Rh8 99.
Nd4 Re8+ 100. Kd3 Rd8 101. Rb7 Rc8 102. Ke4 Re8+ 103. Kf5 Rh8 104. Ke5 Re8+
105. Ne6 Ka3 106. Kd5 Rh8 107. Kc4 Rh6 108. Nd4 Rh4 109. Rb3+ Ka2 110. Rg3 Kb2
111. Rg2+ Ka3 112. Rf2 Rg4 113. Rh2 Rf4 114. Kc3 Rg4 115. Rh3 Ka4 116. Kc4 Ka5
117. Rh6 Rf4 118. Kc5 Rg4 119. Kc4 Rf4 120. Rg6 Rh4 121. Kc5 1/2-1/2

[Event "Hastings 9394"]
[Site "Hastings"]
[Date "1993.??.??"]
[Round "6"]
[White "Shcherbakov, Ruslan"]
[Black "Krasenkow, Michal"]
[Result "1/2-1/2"]
[WhiteElo "2580"]
[BlackElo "2595"]
[Annotator "Krasenkow,M"]
[PlyCount "111"]
[EventDate "1993.12.??"]
[EventType "tourn"]
[EventRounds "9"]
[EventCountry "ENG"]
[EventCategory "12"]
[SourceTitle "CBM 040"]
[Source "ChessBase"]
[SourceDate "1994.06.01"]
[SourceVersion "1"]
[SourceVersionDate "1994.06.01"]
[SourceQuality "1"]

1. d4 Nf6 2. c4 g6 3. Nc3 d5 4. cxd5 Nxd5 5. e4 Nxc3 6. bxc3 Bg7 7. Bb5+ c6 8.
Ba4 b5 9. Bb3 b4 10. Qf3 O-O 11. Ne2 a5 12. O-O Ba6 13. Rd1 a4 14. Bc2 b3 15.
Bd3 c5 16. e5 {N} (16. axb3 axb3 17. Bb2 Qc8 18. dxc5 Nd7 $2 (18... Qxc5 $5)
19. Rxa6 $16 {Sadler,M-Mikhalevsky,V Biel(op) 1993} Ne5 $140 20. Qh3 $1) 16...
Bxd3 17. Qxd3 Nc6 (17... Nd7 $5) 18. Ba3 cxd4 19. cxd4 Nxe5 $5 20. dxe5 Qxd3
21. Rxd3 Bxe5 22. Rf1 (22. Rc1 bxa2 23. Nc3 Rfd8 24. Rxd8+ Rxd8 25. Nxa2 Rd2
26. Nb4 Bd4) (22. Rad1 $5 bxa2 23. Nc3 Bxc3 24. Rxc3 Rab8 25. Rcc1 Rb3 26. Bxe7
Rfb8 27. Bf6 Rb1 28. Kf1 $16) 22... bxa2 23. Nc3 Rfd8 24. Rxd8+ Rxd8 25. Nxa2
Rd2 26. Nc1 (26. Nb4 Bd6 27. g3 Bc5 28. Bc1 Bxb4 29. Bxd2 Bxd2 30. Ra1 $14 {_|_
}) 26... Bd6 $1 27. Bxd6 exd6 28. Re1 a3 29. Kf1 (29. Ne2 d5) 29... a2 30. Nb3
(30. Ne2 Rd3 31. Ra1 Rb3) (30. Nxa2 $5 Rxa2 $15 {_|_}) 30... Rb2 31. Na1 $2 (
31. Re8+ Kg7 32. Ra8 Rxb3 33. Rxa2 $15) 31... Rb1 $2 (31... Kf8 $1 32. g3 (32.
Re2 Rb1+ 33. Re1 d5 34. Ke2 g5 35. g4 d4 36. Rd1 f5 37. h3 fxg4 38. hxg4 h5 39.
gxh5 d3+ 40. Rxd3 Rxa1 41. Ra3 g4 42. h6 Kg8 43. Ra7 g3 $19) (32. Rd1 Ke7 33.
Ke1 Ke6 34. Rd2 Rb1+ 35. Rd1 d5 36. Kd2 d4 37. Kc2 d3+ $19) 32... f5 33. Re2
Rb1+ 34. Re1 d5 35. Ke2 g5 $5 (35... Ke7 36. Kd2+ Kd6 37. Rd1 Kc5 38. Kc2 Rxd1
39. Kxd1 g5 $1 (39... d4 40. Kc2 Kc4 41. Kd2 $1 (41. Nb3 d3+ 42. Kb2 Kb4 43. f4
Kc4 $19) 41... d3 42. h4 (42. f3 $5) 42... h6 (42... Kd4 43. f3 Kc4 44. g4 (44.
Kd1 $2 Kc3 45. Kc1 h5 46. f4 Kd4 47. Kd2 Ke4 $19) 44... h5 (44... h6 45. gxf5
gxf5 46. h5) 45. gxf5 gxf5 46. Kd1 Kc3 47. Kc1 f4 48. Nc2 $1 $10) 43. f3 $1 (
43. Kd1 $2 Kd4 44. Kd2 Ke4) 43... g5 (43... h5 44. Kd1 Kc3 45. Kc1 d2+ 46. Kd1)
44. hxg5 hxg5 45. g4 fxg4 46. fxg4 Kd4 47. Nb3+ Ke4 48. Na1 Kf3 49. Kxd3 Kxg4
50. Nc2 Kf3 51. Kc3 g4 52. Kb2 Kf2 53. Nb4 Ke2 54. Nd5 $10) 40. f3 g4 $19 {><h2
}) 36. Rd1 d4 37. h3 (37. Rxd4 Rxa1 38. Ra4 g4 $1 39. Ra8+ Ke7 40. Ra7+ Kd6 41.
Ra6+ Kc5 42. Ra5+ Kc4 43. Ra8 f4 44. gxf4 Kd5 {/\Ke6-f5,h5-h4,g3-+}) (37. Nc2
d3+ 38. Rxd3 Rb2 $19) 37... d3+ 38. Rxd3 Rxa1 39. Ra3 g4 $1 40. hxg4 fxg4 41.
Ra8+ Ke7 42. Ra7+ Kd6 43. Ra6+ Kc5 44. Ra5+ Kc4 45. Ra8 h5 46. Ra7 h4 47. gxh4
g3 48. fxg3 Rg1 49. Rxa2 Rg2+ 50. Ke3 Rxa2 51. Ke4 Rh2 52. Ke5 Kc5 53. g4 Rxh4
54. g5 Rg4 55. Kf6 Kd6 56. g6 Kd7 57. Kf7 Rf4+ $19) 32. Ke2 d5 (32... Kf8 33.
Rd1 Ke7 34. Kd2 {/\Kc2}) 33. Rd1 $1 d4 (33... Kf8 34. Rxd5 Rxa1 35. Ra5 Rg1 36.
Rxa2 Rxg2 37. h3 Rh2 38. Ra3 Rh1 39. Rg3 h5 40. Kf3 Rh2 41. Ke2 h4 42. Rg4 Rxh3
43. Kf1 $10) 34. g3 d3+ 35. Rxd3 Rxa1 36. Ra3 Rh1 37. Rxa2 Rxh2 38. Kf1 Rh5 39.
Kg2 Kg7 40. Ra6 Rb5 41. Rc6 h5 42. Ra6 g5 43. Rc6 Rb4 44. Ra6 f6 45. Ra7+ Kg6
46. Ra8 h4 47. gxh4 Rxh4 48. Ra6 Rd4 49. Rb6 Kf5 50. Kg3 Ke5 51. Rb5+ Ke4 52.
f3+ Ke3 53. Rb3+ Ke2 54. Rb2+ Kd3 55. Rb3+ Kc4 56. Rb6 1/2-1/2

[Event "Hastings 9394"]
[Site "Hastings"]
[Date "1993.??.??"]
[Round "8"]
[White "Sadler, Matthew D"]
[Black "Krasenkow, Michal"]
[Result "1/2-1/2"]
[WhiteElo "2535"]
[BlackElo "2595"]
[Annotator "Krasenkow,M"]
[PlyCount "60"]
[EventDate "1993.12.??"]
[EventType "tourn"]
[EventRounds "9"]
[EventCountry "ENG"]
[EventCategory "12"]
[SourceTitle "CBM 040"]
[Source "ChessBase"]
[SourceDate "1994.06.01"]
[SourceVersion "1"]
[SourceVersionDate "1994.06.01"]
[SourceQuality "1"]

1. d4 Nf6 2. c4 g6 3. Nc3 d5 4. cxd5 Nxd5 5. e4 Nxc3 6. bxc3 Bg7 7. Nf3 c5 8.
Rb1 cxd4 9. cxd4 O-O 10. Be2 Qa5+ 11. Bd2 Qxa2 12. O-O Nd7 13. Bb4 a5 $5 14.
Ra1 Qe6 15. Qc2 Nf6 16. Bd3 Nh5 17. Bc4 {N} Qd7 18. Rfd1 Nf4 19. Ne5 Bxe5 20.
dxe5 Qg4 21. f3 Qg5 22. Rxa5 Rxa5 23. Bxa5 Qxe5 24. Bb4 $44 Be6 25. Bf1 (25.
Bxe7 $2 Rc8 26. Bd6 Qg5 27. Qd2 Nh3+ 28. Kh1 Rxc4 29. gxh3 Qh5 $19) (25. Bxe6
$5 Qxe6 26. Qd2 $44) 25... Rc8 26. Qd2 Bb3 27. Rb1 (27. Qd7 $5 Qb8 28. Ra1 Rc7)
27... Ba4 28. Ba3 Rc2 (28... Bc6 29. Bb2 Qc7 30. Qd4 f6 31. e5 $1 fxe5 32. Qe3
Nd5 33. Bc4 $36 {/^a1-h8}) 29. Qd8+ Kg7 30. Qxe7 Nh3+ (30... Nh3+ 31. Kh1 Nf2+
$10) 1/2-1/2